000 00702nam a2200253Ia 4500
003 OSt
005 20221005074606.0
006 a|||||r|||| 00| 0
007 ta
008 221004b |||||||| |||| 00| 0 eng d
020 _a8173042527
024 _a31181
037 _cTextual
040 _aCRL
_cCRL
_beng
041 _2eng
_aeng
082 _aV2v, N8
100 _aChattopadhyaya Brajadulal
245 0 _aRepresenting the other? Sanskrit sources and the muslims
_bEighth to fourteenth century
260 _aNew Delhi
_bManohar
_c1998
300 _a129p.
_ccm.
650 _aHISTORY
942 _hV2v, N8
_cTEXL
_2cc
999 _c983004
_d983004